000 00283 a2200133 4500
001 63676
082 _a533.2 ZUC
090 _c37675
_d37675
100 _aZucrow, M J
245 _aGas Dynamics vol. I
250 _a1
260 _aN.Y
_bJohn Wiley
_c1976
300 _aviii, 772.p
942 _aNUST-CAE
_k533.2 ZUC
999 _c298749
_d298749